banner-ar

The Europa world of learning / (Record no. 60816)

MARC details
000 -الفاتح
حقل البيانات ثابتة الطول 01676cai a2200409 a 4500
005 - وقت وتاريخ اخر تعامل مع التسجيلة
رقم الضبط 20240530110429.0
008 - عناصر البيانات ثابتة الطول - معلومات عامة
حقل البيانات ثابتة الطول 030711s2009 uk g r 0 a2eng c
020 ## - الرقم الدولى المعيارى للكتب
الرقم الدولى المعيارى للكتاب 9781857435405 ( v. 2 )
020 ## - الرقم الدولى المعيارى للكتب
الرقم الدولى المعيارى للكتاب 9781857435399 ( v.1 )
022 ## - الرقم الدولى المعيارى للدوريات
الرقم الدولى المعيارى للدوريات 00842117
040 ## - مصدر الفهرسة
وكالة الفهرسة الأصلية EG-CaGPL
وكالة النسخ EG-CaGPL
082 04 - رقم تصنيف ديوى العشرى
رقم الطبعة 21
رقم التصنيف 060
رقم المادة REF/GE
100 1# - المدخل الرئيسى - إسم شخصى
الإسم الشخصى Gladman , Anthony
245 ## - بيان العنوان
العنوان The Europa world of learning /
بيان المسئوليه,etc Anthony Gladman
260 ## - PUBLICATION, DISTRIBUTION, ETC. (IMPRINT)
تاريخ النشر أو التوزيع 2009 .
300 ## - الوصف المادى
التعداد 2 vol. ;
أبعاد الوعاء 28 cm.
500 ## - تبصرة عامة
تبصرة عامة Title from home page (viewed Aug. 23, 2010).
650 #0 - المدخل الاضافى بالموضوع-مصطلح موضوعى
مصطلح موضوعي Learned institutions and societies
التقسيم الفرعي الشكلي Directories.
650 #0 - المدخل الاضافى بالموضوع-مصطلح موضوعى
مصطلح موضوعي Universities and colleges
التقسيم الفرعي الشكلي Directories.
650 #0 - المدخل الاضافى بالموضوع-مصطلح موضوعى
مصطلح موضوعي Education, Higher
التقسيم الفرعي الشكلي Directories.
650 #2 - المدخل الاضافى بالموضوع-مصطلح موضوعى
مصطلح موضوعي Academies and institutes
التقسيم الفرعي العام Directories.
650 #2 - المدخل الاضافى بالموضوع-مصطلح موضوعى
مصطلح موضوعي Societies
التقسيم الفرعي العام Directories.
650 #2 - المدخل الاضافى بالموضوع-مصطلح موضوعى
مصطلح موضوعي Universities
التقسيم الفرعي العام Directories.
650 #4 - المدخل الاضافى بالموضوع-مصطلح موضوعى
مصطلح موضوعي Learned institutions and societies
التقسيم الفرعي العام Directories.
650 #4 - المدخل الاضافى بالموضوع-مصطلح موضوعى
مصطلح موضوعي Universities and colleges
التقسيم الفرعي العام Directories.
650 #4 - المدخل الاضافى بالموضوع-مصطلح موضوعى
مصطلح موضوعي Education, Higher
التقسيم الفرعي العام Directories.
653 ## - مصطلح تكشيفى غير مقيد
مصطلح غير مقيد Education
-- universities
-- academies
710 2# - المدخل الاضافى - اسم هيئه
اسم الهيئة أو اسم السلطة كمدخل Routledge (Firm)
942 ## - عناصر المدخل الإضافي( كوها)
مصدر التصنيف او مخطط الترفيف Dewey Decimal Classification
Koha [default] item type كتاب
260 ## - PUBLICATION, DISTRIBUTION, ETC. (IMPRINT)
-- [London?] :
-- Routledge, Taylor & Francis Group ,
520 ## - التبصرة الخاصة بالتعليق أو التلخيص
ملخص,الخ Directory with profiles of learned societies, museums, libraries, research institutions, and universities worldwide, including names, principal personnel, activities and publications, addresses, etc.
538 ## - تبصرة تفاصيل النظام
تبصرة التفاصيل الفنية لملف الحاسب Mode of access: World Wide Web.
776 08 - مدخل الشكل المادى الاضافى
نص العرض Print version:
العنوان Europa world of learning
الرقم الدولى المعيارى للدوريات 2165-1965
رقم ضبط التسجيلة (DLC) 2006206874
-- (OCoLC)75958088
Holdings
حالة التراجع حالة الفقد مصدر التصنيف او خطة الترفيف حالة تلف ليس للاعارة المكان المؤقت الموقع الحالى تاريخ الاكتساب اجمالي اﻻعارات رقم الطلب الباركود تاريخ اخر مشاهدة تاريخ تفعيل السعر نوع وعاء كوها
    ddc     مكتبة القاهرة الكبرى مكتبة القاهرة الكبرى 03/30/2015   060 REF/GE 159978 03/30/2015 03/30/2015 كتاب
    ddc     مكتبة القاهرة الكبرى مكتبة القاهرة الكبرى 03/30/2015   060 REF/GE 159980 03/30/2015 03/30/2015 كتاب

Powered By

EGPV